000 00682nam a2200229Ia 4500
008 160319s9999 xx 000 0 und d
020 _a9789712723643
050 _a920
050 _bJ91c 2010
245 _aCory :
245 _ban intimate portrait II : selected tributes and eulogies /
245 _cMargie Penson-Juico, editor.
260 _aPasig City :
260 _bAnvil Pub. Inc.
260 _c2010
300 _a155 p. ;
300 _c23 cm.
650 _aAquino, Corazon Cojuangco -- Friends and associates.
650 _aAquino, Corazon Cojuangco.
650 _aPhilippines -- Politics and government -- 1986-
700 _aJuico, Margarita P., editor
999 _c292228
_d292228